Corrosion Resistance of Zinc and Zinc Alloys /

Salvato in:
Dettagli Bibliografici
Autore principale: Porter, Frank C. (Autore)
Natura: Libro
Lingua:inglese
Pubblicazione: New York CRC 1994
Serie:Corrosion Technology 6
Soggetti:
Tags: Aggiungi Tag
Nessun Tag, puoi essere il primo ad aggiungerne!!

MARC

LEADER 00000nam a22000003a 4500
001 0092212
003 SK-STU
005 20211209125618.2
007 ta
008 211209s ----xo-----e------000-0-----d
020 |a 0-8247-9213-0 
040 |a STU  |b slo 
041 0 |a eng 
044 |a xxu 
100 1 |a Porter, Frank C.  |4 aut 
245 1 0 |a Corrosion Resistance of Zinc and Zinc Alloys /  |c aut. Frank C Porter 
260 |a New York  |b CRC  |c 1994 
300 |a 523 s. 
490 0 |a Corrosion Technology  |v 6 
650 0 7 |a zinok 
996 |b 284M088959  |c M* 14563-1  |l MMKN  |s A  |a 24  |w 0092212_0001